Undang-undang Melaka dan Undang-undang Laut

Bibliographic Details
Other Authors: Hassan Ahmad
Format: Book
Published: Kuala Lumpur : Yayasan Karyawan , 2003
Subjects:

MARC

LEADER 00000cam a2200000 7i4500
001 0000015092
005 20080402.0
008 080314
020 |a 9839510061 
090 0 0 |a 899.22109   |b UND 
245 1 0 |a Undang-undang Melaka dan Undang-undang Laut   |c dikaji dan diperkenalkan oleh Liaw Yock Fang 
260 |a Kuala Lumpur :   |b Yayasan Karyawan ,   |c 2003 
650 0 |a Malay literature   |x History and criticism 
650 0 |a Undang-undang Melaka dan Undang-undang Laut   |x Criticism, Textual 
700 0 |a Hassan Ahmad 
999 |a 0001011578   |b Book   |c REFERENCE   |e Perbadanan Perpustakaan Awam Johor 
999 |a 0001011579   |b Book   |c REFERENCE   |e Perbadanan Perpustakaan Awam Johor 
999 |a 0001011580   |b Book   |c REFERENCE   |e Perbadanan Perpustakaan Awam Johor